Cognomi più diffusi in Veneto - Statistics

Statistiche generali
  • Questo quiz è stato fatto 66 volte
  • Il punteggio medio è 2 su 10
Statistiche sulle risposte
Cognome % Corretto
Rossi
89%
Trevisan
23%
Vianello
19%
Sartori
17%
Boscolo
15%
Pavan
11%
Visentin
11%
Carraro
8%
Zanella
4%
Mason
0%
Nessun quiz corrispondente trovato
Distribuzione punteggi
Percentuale di utenti per punteggio
Percentile per numero di risposta
I tuoi punteggi nel tempo
Non hai fatto questo quiz